[Event "Coppa del Mondo FIDE 2025"]
[Site "Goa"]
[Date "09.11.2025"]
[Round "2C"]
[White "Erdogmus, Yagiz Kaan"]
[Black "Rapport, Richard"]
[Result "0-1"]
[WhiteElo "2651"]
[BlackElo "2724"]
[EventDate "2025.11.01"]
[EventType "k.o."]

1. e4 c5 2. Nf3 Nc6 3. Bb5 e6 4. O-O Nge7 5. Re1 h6 6. c3 a6 7. Bf1 d5 8.
exd5 Nxd5 9. d4 Nf6 10. dxc5 Qxd1 11. Rxd1 Bxc5 12. Nbd2 O-O 13. Re1 e5 14.
Nb3 Bd6 15. Nfd2 Bc7 16. g3 a5 17. Bg2 a4 18. Nc5 Bb6 19. Nce4 Nxe4 20.
Nxe4 Rd8 21. Be3 Bxe3 22. Rxe3 f5 23. Nc5 e4 24. b3 axb3 25. Nxb3 Be6 26.
Ree1 Bxb3 27. axb3 Rxa1 28. Rxa1 Rd3 29. Rc1 Ne5 30. h3 Rd2 31. g4 g6 32.
gxf5 gxf5 33. Ra1 Nd3 34. Ra5 Rxf2 35. Bf1 Rf3 36. Bxd3 exd3 37. Kg2 d2 38.
Rd5 Rxc3 39. Rxd2 Rxb3 40. Rd7 b5 41. Rb7 h5 42. h4 f4 43. Kf2 b4 44. Rb5
Rb1 45. Rg5+ Kh7 46. Rxh5+ Kg6 47. Rg5+ Kf6 48. Kf3 b3 49. Rg2 Ke5 50. Re2+
Kf5 51. Rd2 Rf1+ 52. Kg2 Rc1 53. Rd5+ Kg4 54. Rg5+ Kxh4 55. Rb5 Rc3 0-1

[Event "Coppa del Mondo FIDE 2025"]
[Site "Goa"]
[Date "09.11.2025"]
[Round "2C"]
[White "Yu, Yangyi"]
[Black "Narayanan, S.L."]
[Result "1-0"]
[WhiteElo "2720"]
[BlackElo "2617"]
[EventDate "2025.11.01"]
[EventType "k.o."]

1. e4 c5 2. Nf3 Nc6 3. Bb5 e6 4. O-O Nge7 5. Re1 b6 6. d4 cxd4 7. Nxd4 Nxd4
8. Qxd4 a6 9. Bf1 Nc6 10. Qd1 Qc7 11. Be3 Be7 12. c4 O-O 13. Nc3 Bc5 14. a3
d6 15. Rc1 Bb7 16. Qd2 Rac8 17. b4 Bxe3 18. Qxe3 Ne5 19. Na4 Nd7 20. h3 Bc6
21. Nc3 Qb8 22. Red1 Rfd8 23. Rd4 Nf6 24. Rcd1 e5 25. R4d2 b5 26. c5 dxc5
27. Rxd8+ Rxd8 28. Rxd8+ Qxd8 29. Qxc5 Bxe4 30. Nxe4 Nxe4 31. Qxe5 Nd6 32.
Qc5 Ne8 33. Qc6 Nc7 34. h4 h5 35. g3 g6 36. Be2 Qe7 37. Bf3 Qe5 38. Kg2 Kg7
39. Qb6 Kf8 40. Bb7 Kg7 41. Qc6 Kf8 42. Bxa6 Nxa6 43. Qxa6 Qe4+ 44. Kh2 Qf3
45. Qa7 Kg7 46. Qc5 Qd3 47. Qe5+ Kg8 48. Kg2 Qd7 49. Qc5 Kh7 50. Qe3 Qb7+
51. Qf3 Qd7 52. Qe4 Kg8 53. Qf3 Kh7 54. Kf1 Kg8 55. Ke2 Qe6+ 56. Qe3 Qa2+
57. Kf1 Qd5 58. Kg1 Qd7 59. Kh2 Kh7 60. Qb3 Kg8 61. Qc2 Kh7 62. Kg1 Kg8 63.
Kf1 Qe6 64. a4 bxa4 65. Qxa4 Qe4 66. Kg1 Qe1+ 67. Kg2 Qe4+ 68. Kh2 Qd4 69.
Kg1 Qe4 70. Qb5 Qe1+ 71. Kg2 Qe4+ 72. Kh2 Kf8 73. Qc5+ Ke8 74. b5 Kd7 75.
Qa7+ Ke6 76. b6 Qd4 77. Qa2+ Ke7 78. b7 Qb6 79. Qe2+ Kd7 80. Qf3 f5 81. Kg2
Kc7 82. Qd5 Qb1 83. Qf7+ Kb8 84. Qe7 Qd3 85. Qb4 Qd5+ 86. Kh2 Qc6 87. Qb3
Qe4 88. Qb6 Qf3 89. Qb2 Qc6 90. Kg1 Qe4 91. Qb3 Qe1+ 92. Kg2 Qe4+ 93. Qf3
Qc4 94. Kh2 Kc7 95. Kg1 Kb8 96. Kg2 Kc7 97. Qe3 Qd5+ 98. Kg1 Kxb7 99. Qe7+
Kc6 100. Qe8+ Kb7 101. Qxg6 Qd1+ 102. Kg2 Qd5+ 103. Kh2 Qf3 104. Qg7+ Kc6
105. Qd4 Qg4 106. Qxg4 fxg4 107. f4 Kd5 108. Kg2 Ke4 109. Kf2 Kd4 110. Ke2
Ke4 111. Kd2 Kd4 112. Kc2 Kc4 113. Kb2 Kb4 114. Ka2 Kc4 115. Ka3 Kd5 116.
Kb3 Ke4 117. Kc3 Kf3 118. f5 Kxg3 119. f6 Kh2 120. f7 g3 121. f8=Q g2 122.
Qf2 Kh1 123. Kd4 g1=Q 124. Qxg1+ Kxg1 125. Ke4 1-0

[Event "Coppa del Mondo FIDE 2025"]
[Site "Goa"]
[Date "09.11.2025"]
[Round "2C"]
[White "Shankland, Sam"]
[Black "Vidit, Santosh Gujrathi"]
[Result "0-1"]
[WhiteElo "2654"]
[BlackElo "2716"]
[EventDate "2025.11.01"]
[EventType "k.o."]

1. d4 d5 2. c4 e6 3. Nf3 Nf6 4. Nc3 Be7 5. Bf4 O-O 6. e3 Nbd7 7. c5 c6 8.
b4 b6 9. a3 a5 10. Bd3 Ba6 11. O-O Qc8 12. Re1 Bxd3 13. Qxd3 Qb7 14. Rec1
h6 15. h3 Rfc8 16. Qd1 Ra7 17. Rab1 axb4 18. axb4 b5 19. Ra1 Rca8 20. Rxa7
Qxa7 21. Qc2 Bd8 22. Nd2 Qa3 23. Rb1 Nf8 24. Rb2 Qa1+ 25. Kh2 Ng6 26. Nb3
Qa7 27. Ra2 Qb7 28. Kg1 Nxf4 29. exf4 Bc7 30. g3 g6 31. h4 h5 32. Kg2 Kg7
33. Rxa8 Qxa8 34. Qa2 Qb7 35. Ne2 Ne4 36. Nec1 Nc3 37. Qc2 Ne4 38. Qa2 Nf6
39. Nd3 Ng8 40. Ne5 Ne7 41. Kf1 f6 42. Nd3 Nf5 43. Ke2 Kf7 44. Kd2 Bb8 45.
Kc3 Bc7 46. Qa1 Bb8 47. Qe1 Qa8 48. Kb2 Bc7 49. f3 Qh8 50. Kc3 Ke7 51. Na5
Kd7 52. Nxc6 Qa8 53. g4 Qa3+ 54. Kc2 hxg4 55. fxg4 Ng7 56. Na5 Qa4+ 57. Kc3
Bxa5 58. bxa5 Qxa5+ 59. Nb4 Qa3+ 60. Kc2 Qf3 61. Nd3 Qxg4 62. Qa5 Nf5 63.
Qa7+ Ke8 64. c6 Qe2+ 65. Kc3 b4+ 66. Kxb4 Qxd3 67. Qd7+ Kf8 68. c7 Qxd4+
69. Kb5 Qc4+ 70. Kb6 Qb4+ 71. Ka6 Qc4+ 72. Ka7 Ne7 73. Kb7 d4 74. f5 gxf5
75. h5 Qd5+ 0-1

[Event "Coppa del Mondo FIDE 2025"]
[Site "Goa"]
[Date "09.11.2025"]
[Round "2C"]
[White "Karthik, Venkataraman"]
[Black "Deac, Bogdan-Daniel"]
[Result "1/2-1/2"]
[WhiteElo "2579"]
[BlackElo "2655"]
[EventDate "2025.11.01"]
[EventType "k.o."]

1. e4 e5 2. Nf3 Nf6 3. Nc3 Nc6 4. Bb5 Nd4 5. O-O c6 6. Bd3 Nxf3+ 7. Qxf3 d6
8. Bc4 Be7 9. d3 O-O 10. a4 Ne8 11. Be3 Nc7 12. d4 exd4 13. Bxd4 Be6 14.
Bd3 Ne8 15. Rad1 Qa5 16. Rfe1 Bf6 17. Qe3 Bxd4 18. Qxd4 Qb6 19. Qxb6 axb6
20. f4 f5 21. b3 fxe4 22. Nxe4 Bg4 23. Rd2 Rxf4 24. h3 Bh5 25. g3 Rf8 26.
Ng5 h6 27. Ne6 Rf6 28. Nf4 Bf7 29. Re7 g5 30. Ne2 Rb8 31. Nd4 Kf8 32. Rde2
d5 33. Nf5 Bg6 34. g4 Bxf5 35. gxf5 Nd6 36. Rh7 Kg8 37. Re6 Kxh7 38. Rxf6
Rd8 39. Re6 h5 40. f6+ Ne4 41. Re7+ Kg6 42. Rxb7 b5 43. f7 bxa4 44. bxa4
Kg7 45. Ra7 Nd6 46. Be2 g4 47. hxg4 Nxf7 48. g5 Kg8 49. g6 Ne5 50. Bxh5 Rf8
51. Re7 Rf5 52. Be2 Nxg6 53. Rc7 Nf4 54. Bf1 d4 55. Rxc6 Kf7 56. Ra6 Rc5
57. Rd6 Rxc2 58. Rxd4 Ne2+ 59. Bxe2 Rxe2 60. Kf1 Ra2 61. Ke1 Ke6 62. Kd1
Ke5 63. Rh4 Kd6 64. Kc1 Kc7 65. Kb1 Rg2 66. Rc4+ Kb6 67. Rc2 Rg4 68. a5+
1/2-1/2

[Event "Coppa del Mondo FIDE 2025"]
[Site "Goa"]
[Date "09.11.2025"]
[Round "2C"]
[White "Najer, Evgeniy"]
[Black "Sevian, Samuel"]
[Result "0-1"]
[WhiteElo "2610"]
[BlackElo "2698"]
[EventDate "2025.11.01"]
[EventType "k.o."]

1. e4 e5 2. Nf3 Nc6 3. Bb5 a6 4. Ba4 Nf6 5. O-O Nxe4 6. Re1 Nc5 7. Bxc6
dxc6 8. Nxe5 Be7 9. d4 Ne6 10. Be3 O-O 11. Nc3 f6 12. Nd3 Rf7 13. Ne2 Nf8
14. c4 Be6 15. Qc2 Qd7 16. Ndf4 Bf5 17. Qb3 g5 18. Nd3 Rd8 19. Nc5 Bxc5 20.
dxc5 Qc8 21. Rad1 Re8 22. Nd4 Bg6 23. f3 Nd7 24. Qa3 Rfe7 25. Bf2 Rxe1+ 26.
Bxe1 Ne5 27. Qc3 Nd3 28. Bf2 Nxf2 29. Kxf2 Qd7 30. Re1 Rxe1 31. Kxe1 h5 32.
Qe3 Kf7 33. Kd2 a5 34. Kc3 b6 35. cxb6 cxb6 36. b3 Qd6 37. g3 c5 38. Nb5
Qd1 39. Kb2 h4 40. Nc3 Qd6 41. f4 gxf4 42. gxf4 Bf5 43. Nd5 b5 44. Kc3 a4
45. Qe2 Be6 46. Qh5+ Kg7 47. Qxh4 Bxd5 48. Qg4+ Kf8 49. cxd5 Qxd5 50. bxa4
Qd4+ 51. Kc2 Qxa4+ 52. Kb2 Qd4+ 53. Kb1 Qe4+ 54. Kb2 Qd4+ 55. Kc2 b4 56.
Qf5 Qc3+ 57. Kb1 c4 58. Qc8+ Ke7 59. Qc5+ Kf7 60. Qd5+ Kg6 61. Qe4+ Kh6 62.
f5 Kg5 63. h4+ Kh5 64. Qe2+ Kxh4 65. Qf2+ Kg4 66. Qg2+ Kf4 67. Qf2+ Ke4 68.
Qe2+ Kxf5 69. Qh5+ Kf4 70. Qh6+ Ke5 71. Qh5+ f5 72. Qh8+ Ke4 73. Qa8+ Ke3
74. Qc6 Qe1+ 75. Kc2 Qd2+ 76. Kb1 Qd1+ 0-1

[Event "Coppa del Mondo FIDE 2025"]
[Site "Goa"]
[Date "09.11.2025"]
[Round "2C"]
[White "Sarana, Alexey"]
[Black "Van Foreest, Jorden"]
[Result "1-0"]
[WhiteElo "2661"]
[BlackElo "2697"]
[EventDate "2025.11.01"]
[EventType "k.o."]

1. d4 d5 2. c4 c6 3. Nc3 Nf6 4. e3 g6 5. Nf3 Bg7 6. Be2 O-O 7. O-O Be6 8.
cxd5 cxd5 9. Qb3 Qc7 10. Bd2 Nc6 11. Rfc1 Ne4 12. Be1 Rfd8 13. Rc2 Qb6 14.
Qxb6 axb6 15. Nb5 Bf5 16. Rcc1 Rdc8 17. h3 h5 18. Nd2 Nxd2 19. Bxd2 Bf8 20.
Nc3 Rd8 21. Rd1 Bc2 22. Re1 Bf5 23. Rac1 Nb4 24. g4 hxg4 25. hxg4 Bd3 26.
a3 Bxe2 27. Rxe2 Nc6 28. Nb5 e6 29. f4 Rac8 30. Kf2 Be7 31. Kf3 Kg7 32. Rh2
Rh8 33. Rch1 Rxh2 34. Rxh2 Na5 35. Bc3 Nc4 36. g5 Nd6 37. Bb4 Nf5 38. Bc3
f6 39. e4 dxe4+ 40. Kxe4 Ng3+ 41. Kd3 Nf5 42. gxf6+ Bxf6 43. a4 Rd8 44. b4
Kf7 45. Rh7+ Bg7 46. Rh1 Ne7 47. a5 Rd5 48. Nc7 Rd6 49. Rh7 Nf5 50. d5 Rd7
51. Bxg7 Nxg7 52. axb6 exd5 53. Kd4 Kg8 54. Rh3 Nf5+ 55. Kc5 d4 56. Rd3 Kf7
57. Nb5 Ng7 58. Nd6+ Ke7 59. Nxb7 Rxb7 60. Kc6 Rb8 61. Rxd4 Rc8+ 62. Kb7
Rc1 63. Ka6 Ra1+ 64. Kb5 Nf5 65. Rd5 Nd6+ 66. Kc6 Re1 67. Kc7 Ne8+ 68. Kb8
Rb1 69. Rd4 Nd6 70. b7 Nb5 71. Rc4 Kd7 72. Re4 Rb2 73. Rc4 Rb3 74. Re4 Rh3
75. Rc4 Re3 76. Ka8 Ra3+ 77. Kb8 Ra4 78. Re4 Ra1 79. Re5 Nd6 80. Rd5 Ra6
81. b5 Rb6 82. Ka8 Kc7 83. Rc5+ 1-0

[Event "Coppa del Mondo FIDE 2025"]
[Site "Goa"]
[Date "09.11.2025"]
[Round "2C"]
[White "Esipenko, Andrey"]
[Black "Idani, Pouya"]
[Result "1-0"]
[WhiteElo "2693"]
[BlackElo "2601"]
[EventDate "2025.11.01"]
[EventType "k.o."]

1. e4 c5 2. Nf3 d6 3. Bb5+ Bd7 4. Be2 Nc6 5. d4 cxd4 6. Nxd4 Nf6 7. Nc3 g6
8. Be3 Bg7 9. f3 Rc8 10. Qd2 h5 11. O-O-O O-O 12. Kb1 a6 13. h3 h4 14. Qe1
Na5 15. Bg5 b5 16. Bxh4 Re8 17. g4 b4 18. Bxf6 bxc3 19. Bxg7 Kxg7 20. Qg1
cxb2 21. Nf5+ Bxf5 22. gxf5 Nc6 23. fxg6 f6 24. Qe3 Qa5 25. Qb3 Ne5 26. f4
Rc3 27. Qe6 Rxc2 28. fxe5 Rc1+ 29. Rxc1 1-0

[Event "Coppa del Mondo FIDE 2025"]
[Site "Goa"]
[Date "09.11.2025"]
[Round "2C"]
[White "Nguyen, Thai Dai Van"]
[Black "Yakubboev, Nodirbek"]
[Result "0-1"]
[WhiteElo "2664"]
[BlackElo "2689"]
[EventDate "2025.11.01"]
[EventType "k.o."]

1. d4 Nf6 2. c4 e6 3. g3 d5 4. Bg2 dxc4 5. Nf3 a6 6. O-O Nc6 7. a4 Rb8 8.
a5 b5 9. axb6 cxb6 10. Bf4 Bd6 11. Ne5 Ne7 12. Bc6+ Kf8 13. Bg2 b5 14. b3
cxb3 15. Qxb3 a5 16. Nc3 a4 17. Qc2 a3 18. Rfb1 b4 19. Na2 Ba6 20. Nd3 Bxd3
21. Qxd3 Bxf4 22. gxf4 Nfd5 23. e3 f5 24. Rb3 Kf7 25. Rab1 Qd6 26. Qd2 Rhc8
27. h4 Nc3 28. Nxc3 bxc3 29. Qc2 Rxb3 30. Qxb3 Rb8 31. Bb7 Qc7 32. Qxa3 c2
33. Rc1 Rxb7 34. Qa2 Rb1 35. Rxb1 c1=Q+ 36. Rxc1 Qxc1+ 37. Kh2 Qd1 0-1

[Event "Coppa del Mondo FIDE 2025"]
[Site "Goa"]
[Date "09.11.2025"]
[Round "2C"]
[White "Meier, Georg"]
[Black "Dubov, Daniil"]
[Result "1/2-1/2"]
[WhiteElo "2596"]
[BlackElo "2684"]
[EventDate "2025.11.01"]
[EventType "k.o."]

1. c4 e6 2. g3 d5 3. Bg2 Nf6 4. Nf3 Be7 5. d4 O-O 6. Nc3 Nbd7 7. Qd3 a6 8.
Bf4 c5 9. cxd5 Nxd5 10. Nxd5 exd5 11. dxc5 Nxc5 12. Qc2 Ne6 13. Be5 Bf6 14.
O-O Bxe5 15. Nxe5 Qf6 16. f4 Nd4 17. Qc5 Nc6 18. Bxd5 Bh3 19. Bxc6 Bxf1 20.
Bxb7 Rab8 21. Nd7 Qxb2 22. Rxf1 Qxb7 23. Nxf8 Rxf8 24. f5 Re8 25. Qc4 h6
1/2-1/2

[Event "Coppa del Mondo FIDE 2025"]
[Site "Goa"]
[Date "09.11.2025"]
[Round "2D"]
[White "Gledura, Benjamin"]
[Black "Wei, Yi"]
[Result "1/2-1/2"]
[WhiteElo "2643"]
[BlackElo "2754"]
[EventDate "2025.11.01"]
[EventType "k.o."]

1. c4 e6 2. Nc3 c5 3. e3 d5 4. cxd5 exd5 5. d4 cxd4 6. exd4 Bb4 7. Bd3 Ne7
8. Ne2 Nbc6 9. O-O Bf5 10. Bxf5 Nxf5 11. Nf4 O-O 12. Ncxd5 Bd6 13. Qg4
Ncxd4 14. Be3 Bxf4 15. Nxf4 Qf6 16. Rad1 Rad8 17. Bxd4 Rxd4 18. Rxd4 Nxd4
19. Re1 Nc6 20. Re2 Nd4 21. Re3 Nc6 22. h4 Qxb2 23. h5 h6 24. Qd7 Qb1+ 25.
Kh2 Qxa2 26. Re8 Qxf2 27. Rxf8+ Kxf8 28. Qc8+ Ke7 29. Qxb7+ Kd6 30. Qxf7
Qh4+ 31. Kg1 Qe1+ 32. Kh2 Qh4+ 33. Nh3 Qf6 34. Qc4 a5 35. Nf4 Qd4 36. Qe6+
Kc5 37. Qf5+ Qe5 38. Qc2+ Kb5 39. Qd3+ Kb4 40. g3 a4 41. Qd7 Qe4 42. Qb7+
Kc3 43. Qxg7+ Nd4 44. Qxh6 a3 45. Qa6 Qc2+ 46. Kh3 Qf5+ 47. g4 Qxf4 48.
Qxa3+ Kd2 49. Qg3 Qg5 50. Qh4 Qd5 51. Qf2+ Kd3 52. Kg3 Qg5 53. Kh3 Qd5 54.
Kh4 Qh1+ 55. Kg5 Qd5+ 56. Kh4 Qh1+ 57. Kg5 Qd5+ 58. Kg6 Qg8+ 59. Kh6 Qxg4
60. Qf6 1/2-1/2

[Event "Coppa del Mondo FIDE 2025"]
[Site "Goa"]
[Date "09.11.2025"]
[Round "2D"]
[White "Artemiev, Vladislav"]
[Black "Vachier-Lagrave, Maxime"]
[Result "1/2-1/2"]
[WhiteElo "2646"]
[BlackElo "2737"]
[EventDate "2025.11.01"]
[EventType "k.o."]

1. Nf3 d5 2. d4 Nf6 3. c4 dxc4 4. e3 e6 5. Bxc4 a6 6. O-O c5 7. b3 cxd4 8.
Nxd4 Be7 9. Bb2 O-O 10. Be2 b5 11. a4 bxa4 12. Rxa4 Bb7 13. Rc4 Bd5 14. Rc1
Re8 15. h3 Bf8 16. Nc3 Bb7 17. Na4 Ra7 18. Bf3 e5 19. Nc6 Nxc6 20. Bxc6
Bxc6 21. Rxc6 Qb8 22. Qc2 Nd5 23. Qc4 Nb4 24. Rb6 Rb7 25. Rxb7 Qxb7 26. Nc5
Qb5 27. Rc1 Bxc5 28. Qxc5 Nd3 29. Qxb5 axb5 30. Rc2 f6 31. Rd2 Nxb2 32.
Rxb2 Rc8 33. g4 b4 34. Ra2 Rc3 35. Ra7 Rxb3 36. Rb7 Rb1+ 37. Kg2 b3 38. h4
g6 39. h5 gxh5 40. gxh5 b2 41. e4 Kf8 42. Kf3 Ke8 43. Ke2 Kd8 44. Kf3 Kc8
45. Rb3 Kc7 46. Ke2 Kc6 47. Kf3 Kc5 48. Rb8 h6 49. Rb7 Kc4 50. Rc7+ Kd3 51.
Rd7+ Kc3 52. Rc7+ Kd4 53. Rd7+ Kc5 54. Rb7 Kd6 55. Rb6+ Kc7 56. Rb3 Rh1 57.
Rxb2 Rxh5 58. Kg3 Rg5+ 59. Kh3 Kd6 60. Rb6+ Ke7 61. Rb7+ Ke6 62. f3 Rg1 63.
Kh2 Rg8 64. Rh7 Rg6 65. Rb7 f5 66. Rb6+ Kf7 67. Rb5 fxe4 68. Rxe5 exf3 69.
Rf5+ Rf6 70. Rxf6+ Kxf6 71. Kg3 h5 72. Kxf3 h4 73. Kg4 h3 74. Kxh3 Ke5
1/2-1/2

[Event "Coppa del Mondo FIDE 2025"]
[Site "Goa"]
[Date "09.11.2025"]
[Round "2D"]
[White "Rapport, Richard"]
[Black "Erdogmus, Yagiz Kaan"]
[Result "1/2-1/2"]
[WhiteElo "2724"]
[BlackElo "2651"]
[EventDate "2025.11.01"]
[EventType "k.o."]

1. e4 c5 2. c3 e5 3. Nf3 Nc6 4. Bc4 Nf6 5. Ng5 d5 6. exd5 Nxd5 7. Qf3 Qxg5
8. Bxd5 Qf6 9. O-O Qxf3 10. Bxf3 Bf5 11. Re1 O-O-O 12. Na3 Bd3 13. b3 f6
14. Nc4 Kc7 15. Nb2 Bf5 16. d3 Bxd3 17. Nxd3 Rxd3 18. Be4 Rd8 19. Be3 g6
20. g4 Bd6 21. Rad1 h5 22. h3 hxg4 23. hxg4 Rh4 24. f3 Rdh8 25. Kf1 Ne7 26.
Bf2 Rh1+ 27. Ke2 Rxe1+ 28. Rxe1 f5 29. gxf5 gxf5 30. Bb1 Nd5 31. Bxf5 Nxc3+
32. Kf1 Rf8 33. Bg4 Nxa2 34. Bg3 Re8 35. Bh5 Re7 36. Ra1 Rh7 37. Rxa2 Rxh5
38. Rxa7 Rh1+ 39. Ke2 Rb1 40. Ra3 c4 41. Ra4 b5 42. Ra7+ Kb6 43. Bf2+ Kc6
44. Ra6+ Kd5 45. bxc4+ bxc4 46. Ra5+ Ke6 47. Bc5 Bc7 48. Ra7 Bd8 49. Ra6+
Kd5 50. Be3 Rb2+ 51. Kd1 Rb3 52. Ke2 Rb5 53. Kd1 Bc7 54. Ra8 Ba5 55. Kc2
Bc7 56. Bd2 Bb6 57. Rb8 Rb3 58. Bc3 Kc6 59. Rc8+ Kb5 60. Rb8 Kc6 61. Rc8+
Kd5 62. Rb8 Rb5 63. Bd2 Kc6 64. f4 exf4 65. Bxf4 Rf5 66. Bd2 Rf2 67. Kd1
Rg2 68. Re8 Kd5 69. Re2 Rg3 70. Kc2 Bd4 71. Rh2 c3 72. Bxc3 Rxc3+ 73. Kd2
Ra3 74. Rh7 Be5 75. Ke2 Ke4 76. Re7 Ra2+ 77. Ke1 Kd4 78. Kf1 Bf4 79. Re2
Ra3 80. Kf2 Be3+ 81. Kf3 Rb3 82. Ra2 Bd2+ 83. Kg4 Rd3 84. Ra8 Ke3 85. Kf5
Rd5+ 86. Ke6 Rb5 87. Rd8 Bc3 88. Rd5 Rb8 89. Rh5 Rb6+ 90. Kd7 Ke4 91. Rh1
Kd5 92. Rd1+ Bd4 93. Kc7 Ra6 94. Kd7 Ra7+ 95. Kd8 Ra8+ 96. Kd7 Ra4 97. Rd2
Ra1 98. Ke7 Ke5 99. Re2+ Kf5 100. Kd6 Rd1 101. Kd5 Be5+ 102. Kc4 Ke6 103.
Rg2 Rc1+ 104. Kb5 Kd5 105. Rg5 Rb1+ 106. Ka5 Kd4 107. Ka6 Bd6 108. Rb5 Rc1
109. Kb6 Bc5+ 110. Kc6 Rc2 111. Rb1 Bb4+ 112. Kd7 Ba5 113. Rb5 Bd2 114. Ke6
Rc6+ 115. Kf5 Rh6 116. Rb8 Rh5+ 117. Kg4 Rg5+ 118. Kf3 Rf5+ 119. Ke2 Ba5
120. Re8 Bc7 121. Re3 Bf4 122. Re7 Bg5 123. Re8 1/2-1/2

[Event "Coppa del Mondo FIDE 2025"]
[Site "Goa"]
[Date "09.11.2025"]
[Round "2D"]
[White "Narayanan, S.L."]
[Black "Yu, Yangyi"]
[Result "1/2-1/2"]
[WhiteElo "2617"]
[BlackElo "2720"]
[EventDate "2025.11.01"]
[EventType "k.o."]

1. d4 d5 2. c4 c6 3. Nf3 Nf6 4. e3 g6 5. Nc3 Bg7 6. h3 O-O 7. Bd3 c5 8. O-O
cxd4 9. exd4 Nc6 10. a3 b6 11. Bg5 Bb7 12. Re1 dxc4 13. Bxc4 h6 14. Bh4 e6
15. d5 Na5 16. Ba2 exd5 17. Ne5 g5 18. Bg3 Rc8 19. Qd3 Nc4 20. Re2 Ne4 21.
Rxe4 Nxb2 22. Qf3 dxe4 23. Bxf7+ Kh8 24. Qf5 Rc6 25. Nxe4 Nc4 26. Nxc6 Bxc6
27. Rc1 b5 28. Rxc4 bxc4 29. Nd6 Qf6 30. Qc5 Rxf7 31. Qxc6 c3 32. Nxf7+
Qxf7 33. h4 1/2-1/2

[Event "Coppa del Mondo FIDE 2025"]
[Site "Goa"]
[Date "09.11.2025"]
[Round "2D"]
[White "Vidit, Santosh Gujrathi"]
[Black "Shankland, Sam"]
[Result "0-1"]
[WhiteElo "2716"]
[BlackElo "2654"]
[EventDate "2025.11.01"]
[EventType "k.o."]

1. d4 d6 2. e4 Nf6 3. Nc3 Nbd7 4. Nf3 e5 5. Bc4 Be7 6. O-O O-O 7. a4 c6 8.
Re1 h6 9. h3 Re8 10. Be3 Bf8 11. a5 exd4 12. Bxd4 Qc7 13. Bf1 Ne5 14. Nh2
g5 15. Qd2 Be6 16. f4 gxf4 17. Qxf4 Bg7 18. Qf2 a6 19. Na4 Qe7 20. Nb6 Rad8
21. Rad1 Nfd7 22. Nxd7 Rxd7 23. Re3 Kh7 24. Rg3 Rg8 25. Kh1 Rdd8 26. Be2
Bh8 27. Nf1 Rg6 28. Rxg6 fxg6 29. Nh2 Rf8 30. Qg3 h5 31. Nf3 Nxf3 32. Bxf3
h4 33. Qf2 Be5 34. c3 Qg5 35. Bxe5 dxe5 36. Qd2 Qxd2 37. Rxd2 Bxh3 38. gxh3
Rxf3 39. Rd7+ Kh6 40. Rxb7 Rxh3+ 41. Kg2 Rd3 42. Rb6 g5 43. Rxa6 g4 44.
Rxc6+ Kg5 45. Rc8 h3+ 46. Kf2 Rd2+ 47. Ke3 Rxb2 48. Re8 h2 49. Rxe5+ 0-1

[Event "Coppa del Mondo FIDE 2025"]
[Site "Goa"]
[Date "09.11.2025"]
[Round "2D"]
[White "Deac, Bogdan-Daniel"]
[Black "Karthik, Venkataraman"]
[Result "0-1"]
[WhiteElo "2655"]
[BlackElo "2579"]
[EventDate "2025.11.01"]
[EventType "k.o."]

1. d4 d5 2. Nf3 Nf6 3. e3 c5 4. Nbd2 cxd4 5. exd4 Qc7 6. c3 Nc6 7. Be2 g6
8. O-O Bg7 9. Re1 O-O 10. Nf1 Bg4 11. g3 Rad8 12. Bf4 Qc8 13. Ne3 Bh3 14.
Ng2 Ne4 15. Be3 Rfe8 16. Nf4 Bg4 17. Nd3 h5 18. Nd2 Bf5 19. Rc1 Nd6 20. Nf4
e6 21. h4 e5 22. dxe5 Nxe5 23. Bxa7 Ndc4 24. Bd4 Nxb2 25. Qb3 Nbc4 26. Nxc4
dxc4 27. Qb5 Bd7 28. Qb1 Bc6 29. Kh2 b5 30. Bxe5 Rxe5 31. a4 Rde8 32. axb5
Rxb5 33. Qa2 Rbe5 34. Red1 Bh6 35. Bxc4 Bxf4 36. Bxf7+ Kg7 37. Bxe8 Rxe8
38. Qa7+ Kh6 39. Qd4 Bxc1 40. Rxc1 Qf5 41. Qd2+ Kh7 42. Rg1 Qf3 43. Qd4 Rf8
0-1

[Event "Coppa del Mondo FIDE 2025"]
[Site "Goa"]
[Date "09.11.2025"]
[Round "2D"]
[White "Sevian, Samuel"]
[Black "Najer, Evgeniy"]
[Result "1-0"]
[WhiteElo "2698"]
[BlackElo "2610"]
[EventDate "2025.11.01"]
[EventType "k.o."]

1. e4 c5 2. c3 d5 3. exd5 Qxd5 4. d4 g6 5. Nf3 Bg7 6. Na3 cxd4 7. Nb5 Qd8
8. Bf4 Na6 9. Nbxd4 Nf6 10. Bc4 O-O 11. O-O Nd5 12. Be5 f6 13. Nb5 fxe5 14.
Qxd5+ Qxd5 15. Bxd5+ e6 16. Bc4 Nc5 17. Nd6 Bd7 18. Rfe1 b5 19. Bf1 Bc6 20.
Nxe5 Bd5 21. Nxb5 Rf5 22. Ng4 Raf8 23. f3 R5f7 24. Ne3 Ba8 25. Bc4 Kh8 26.
Rad1 h5 27. Nd4 Rb7 28. b4 Na4 29. Nxe6 1-0

[Event "Coppa del Mondo FIDE 2025"]
[Site "Goa"]
[Date "09.11.2025"]
[Round "2D"]
[White "Van Foreest, Jorden"]
[Black "Sarana, Alexey"]
[Result "0-1"]
[WhiteElo "2697"]
[BlackElo "2661"]
[EventDate "2025.11.01"]
[EventType "k.o."]

1. e4 c5 2. Nf3 d6 3. Nc3 Nf6 4. Be2 e5 5. O-O Be7 6. d3 Nc6 7. Nd2 Be6 8.
Nc4 O-O 9. f4 exf4 10. Bxf4 d5 11. exd5 Nxd5 12. Bg3 Nd4 13. Nxd5 Qxd5 14.
Rf2 Rad8 15. Bf1 Nf5 16. Bc7 Rd7 17. g4 Bh4 18. Rf4 Rxc7 19. gxf5 Bg5 20.
Qg4 Bxf4 21. Qxf4 Rc6 22. fxe6 Rxe6 23. Bg2 Rg6 24. Ne3 Qe6 25. Rf1 Re8 26.
Nf5 Qe5 27. Qxe5 Rxe5 28. Ng3 b6 29. c4 Rd6 30. Bd5 Rd7 31. Ne4 Kf8 32. a3
a5 33. Kg2 f5 34. Kg3 g6 35. Kf4 Rde7 36. Nd6 Re2 37. Nc8 Rc7 38. Nxb6 Rxb2
39. Na4 Rb3 40. Ke5 Ke7 41. d4 Re3+ 42. Kf4 cxd4 43. c5 Kf6 44. h4 h6 45.
Rf3 g5+ 46. Kg3 Ke5 47. Ba8 g4 48. Rxe3+ dxe3 49. Bg2 f4+ 50. Kxg4 e2 51.
Nb2 0-1

[Event "Coppa del Mondo FIDE 2025"]
[Site "Goa"]
[Date "09.11.2025"]
[Round "2D"]
[White "Idani, Pouya"]
[Black "Esipenko, Andrey"]
[Result "1-0"]
[WhiteElo "2601"]
[BlackElo "2693"]
[EventDate "2025.11.01"]
[EventType "k.o."]

1. e4 e5 2. Nf3 Nc6 3. Bb5 Nf6 4. O-O Nxe4 5. d4 Nd6 6. Bxc6 dxc6 7. dxe5
Nf5 8. Qxd8+ Kxd8 9. h3 Ke8 10. Nc3 h5 11. a4 Bb4 12. Ne2 a5 13. Nf4 Be7
14. e6 Bxe6 15. Nxe6 fxe6 16. Re1 Rd8 17. Bf4 Bd6 18. Bg5 Ra8 19. Rxe6+ Kf7
20. Rae1 Rhe8 21. Rxe8 Rxe8 22. Rxe8 Kxe8 23. g4 hxg4 24. hxg4 Ne7 25. Bxe7
Kxe7 26. Kf1 Bc5 27. Ke2 b5 28. b3 Kd6 29. Nd2 Ke5 30. c3 Be7 31. f3 Bc5
32. Ne4 Bb6 33. Ng3 g6 34. Ne4 Ba7 35. Ng5 Bb6 36. Nh3 Ba7 37. Kd3 Bc5 38.
f4+ Kf6 39. Ng5 Ba3 40. Nf3 Bc1 41. Ke4 Bb2 42. c4 bxa4 43. bxa4 Ke6 44.
Nh4 Kf7 45. f5 gxf5+ 46. Kxf5 Ke7 47. Nf3 Kd6 48. Ne1 Bd4 49. Nd3 Bc3 50.
g5 Bd4 51. g6 Bc3 52. Nf2 Ke7 53. Ne4 Bd4 54. Ng5 Kd6 55. Nf7+ Ke7 56. Ne5
Kf8 57. Nxc6 Bc3 58. Ne5 Kg7 59. c5 Bd4 60. c6 Bc5 61. Nf7 Bb4 62. Nd8 Bd6
63. Ne6+ Kg8 1-0

[Event "Coppa del Mondo FIDE 2025"]
[Site "Goa"]
[Date "09.11.2025"]
[Round "2D"]
[White "Yakubboev, Nodirbek"]
[Black "Nguyen, Thai Dai Van"]
[Result "1-0"]
[WhiteElo "2689"]
[BlackElo "2664"]
[EventDate "2025.11.01"]
[EventType "k.o."]

1. e4 c6 2. d4 d5 3. exd5 cxd5 4. Bd3 Nc6 5. c3 Qc7 6. h3 Nf6 7. Nf3 g6 8.
O-O Bf5 9. Re1 e6 10. Bg5 Bg7 11. Qe2 O-O 12. Nbd2 h6 13. Bxf5 gxf5 14.
Bxf6 Bxf6 15. Nf1 f4 16. Ne5 Bg7 17. Nd3 Ne7 18. Qg4 Ng6 19. h4 b5 20. h5
Ne7 21. Nxf4 b4 22. Re3 bxc3 23. bxc3 Rac8 24. Rxe6 Qxc3 25. Rxe7 Qxd4 26.
Rd1 1-0